000 00716nam a2200205Ia 4500
005 20260121110332.0
008 008 260114s9999 xx 000 0 hin d
020 _a9788132365433
037 _aEBOOK
040 _aCRL
_bhin
_cCRL
041 _ahin
_2hin
084 _qCRL
100 _aसुहानी चोपड़ा / Suhani Chopra
_9944914
245 0 _aटेलीविजन पत्रकारिता का समाज पर असर / Television Patrakarita ka Samaj par Asar
260 _bभाषा प्रकाशन / Bhasha Prakashan
_c2021
856 _uhttps://bhashaprakashan.com/product-details/379195
942 _cEBOOK
999 _c1536578
_d1536578